| 000 -LEADER |
| fixed length control field |
01232cam a22003372 4500 |
| 001 - CONTROL NUMBER |
| control field |
419963 |
| 003 - CONTROL NUMBER IDENTIFIER |
| control field |
OSt |
| 005 - DATE AND TIME OF LATEST TRANSACTION |
| control field |
20230228095915.0 |
| 008 - FIXED-LENGTH DATA ELEMENTS--GENERAL INFORMATION |
| fixed length control field |
060525s2002 enka b 0001f eng d |
| 020 ## - INTERNATIONAL STANDARD BOOK NUMBER |
| International Standard Book Number |
9780711219915 (pbk) |
| 040 ## - CATALOGING SOURCE |
| Original cataloging agency |
UKM |
| Modifying agency |
UKM |
| Transcribing agency |
DLC |
| Modifying agency |
TAE |
| -- |
KH8 |
| 042 ## - AUTHENTICATION CODE |
| Authentication code |
lcac |
| -- |
lccopycat |
| 082 04 - DEWEY DECIMAL CLASSIFICATION NUMBER |
| Classification number |
823.914 HOF |
| 100 1# - MAIN ENTRY--PERSONAL NAME |
| Personal name |
Hoffman, Mary, |
| Dates associated with a name |
1945- |
| Relator term |
author |
| 245 14 - TITLE STATEMENT |
| Title |
The colour of home / |
| Statement of responsibility, etc. |
Mary Hoffman ; illustrated by Karin Littlewood. |
| 246 3# - VARYING FORM OF TITLE |
| Title proper/short title |
Color of home. |
| 260 ## - PUBLICATION, DISTRIBUTION, ETC. |
| Place of publication, distribution, etc. |
London : |
| Name of publisher, distributor, etc. |
Frances Lincoln, |
| Date of publication, distribution, etc. |
2002. |
| 300 ## - PHYSICAL DESCRIPTION |
| Extent |
[30] p. : |
| Other physical details |
chiefly col. ill. ; |
| Dimensions |
27 cm. |
| 520 ## - SUMMARY, ETC. |
| Summary, etc. |
Hassan, newly-arrived in England and feeling homesick, paints a picture at school that shows his old home in Somalia as well as the reason his family had to leave. |
| 521 ## - TARGET AUDIENCE NOTE |
| Target audience note |
4-8. |
| 650 #1 - SUBJECT ADDED ENTRY--TOPICAL TERM |
| Topical term or geographic name entry element |
Painting |
| General subdivision |
Fiction. |
| 650 #0 - SUBJECT ADDED ENTRY--TOPICAL TERM |
| Topical term or geographic name entry element |
Refugees |
| Geographic subdivision |
Somalia |
| General subdivision |
Pictorial works |
| -- |
Juvenile fiction. |
| 650 #0 - SUBJECT ADDED ENTRY--TOPICAL TERM |
| Topical term or geographic name entry element |
Refugees |
| Geographic subdivision |
Great Britain |
| General subdivision |
Pictorial works |
| -- |
Juvenile fiction. |
| 650 #1 - SUBJECT ADDED ENTRY--TOPICAL TERM |
| Topical term or geographic name entry element |
Refugees |
| Geographic subdivision |
England |
| General subdivision |
Fiction. |
| 650 #1 - SUBJECT ADDED ENTRY--TOPICAL TERM |
| Topical term or geographic name entry element |
Immigrants |
| General subdivision |
Fiction. |
| 650 #1 - SUBJECT ADDED ENTRY--TOPICAL TERM |
| Topical term or geographic name entry element |
Emigration and immigration |
| General subdivision |
Fiction. |
| 650 #1 - SUBJECT ADDED ENTRY--TOPICAL TERM |
| Topical term or geographic name entry element |
Homesickness |
| General subdivision |
Fiction. |
| 651 #1 - SUBJECT ADDED ENTRY--GEOGRAPHIC NAME |
| Geographic name |
Somalia |
| General subdivision |
Fiction. |
| 700 1# - ADDED ENTRY--PERSONAL NAME |
| Personal name |
Littlewood, Karin. |
| Relator term |
author |
| 942 ## - ADDED ENTRY ELEMENTS (KOHA) |
| Source of classification or shelving scheme |
|
| Koha item type |
Books - Non Ficton |